| 000 | 006770000a22002290004500 | ||
|---|---|---|---|
| 001 | 52241 | ||
| 010 | _a978-989-554-758-6 | ||
| 021 |
_aPT _b313897/10 |
||
| 090 | _a52241 | ||
| 100 | _a20170921d2017 k y0pory5003 ba | ||
| 101 | 0 | _apor | |
| 102 | _aPT | ||
| 200 | 1 |
_aA criada Zerlina _fHermann Broch |
|
| 210 |
_aMatosinhos _cQuidnovi _dcop. 2010 |
||
| 215 | _a91 p. | ||
| 225 | 2 |
_aBiblioteca de verĂ£o _v19 |
|
| 606 |
_aLiteratura austrĂaca _xConto |
||
| 675 |
_a821.112.2(436)-34 _vBN _zpor |
||
| 700 | 1 |
_aBroch _bHermann _f1886-1951 |
|
| 801 |
_aPT _c20170921 |
||
| 942 |
_cMON _n0 |
||
| 999 |
_a52241 _bBibliobase - BEBDPPC _c2019-01-21 |
||